| 000 | 00453nam a2200157Ia 4500 | ||
|---|---|---|---|
| 005 | 20250424120232.0 | ||
| 008 | 250424s9999 xx 000 0 und d | ||
| 022 | _a00117315 | ||
| 050 | _aHD 30.23 .D423/ | ||
| 245 | 0 | _aDecision sciences journal of innovative education | |
| 260 | _bWiley Periodicals, inc. | ||
| 260 | _c2010 | ||
| 300 | _a493 p. ; 26 cm. | ||
| 650 | _aBusiness education--Periodicals. Decision making--Periodicals. | ||
| 942 | _cSR | ||
| 999 |
_c38155 _d38155 |
||